Amazonia / (Record no. 13967)

MARC details
000 -LEADER
fixed length control field 01231nam a2200325 4500
001 - CONTROL NUMBER
control field 3786577
005 - DATE AND TIME OF LATEST TRANSACTION
control field 20170721154803.0
008 - FIXED-LENGTH DATA ELEMENTS--GENERAL INFORMATION
fixed length control field 000
010 ## - LIBRARY OF CONGRESS CONTROL NUMBER
LC control number 84011050
020 ## - INTERNATIONAL STANDARD BOOK NUMBER
International Standard Book Number 0080307760 :
Terms of availability $23.95
040 ## - CATALOGING SOURCE
Original cataloging agency UOEL
Transcribing agency DLC
Modifying agency DLC
043 ## - GEOGRAPHIC AREA CODE
Geographic area code sa-----
050 00 - LIBRARY OF CONGRESS CALL NUMBER
Classification number QH112
Item number .A43 1985
082 00 - DEWEY DECIMAL CLASSIFICATION NUMBER
Classification number 508.81/1
Edition number 19
245 00 - TITLE STATEMENT
Title Amazonia /
Statement of responsibility, etc edited by Ghillean T. Prance and Thomas E. Lovejoy ; foreword by HRH the Duke of Edinburgh.
250 ## - EDITION STATEMENT
Edition statement 1st ed.
260 ## - PUBLICATION, DISTRIBUTION, ETC. (IMPRINT)
Place of publication, distribution, etc Oxford [Oxfordshire] ;
-- New York :
Name of publisher, distributor, etc Pergamon Press,
Date of publication, distribution, etc 1985.
300 ## - PHYSICAL DESCRIPTION
Extent xiv, 442 p. :
Other physical details ill. ;
Dimensions 25 cm.
440 #0 - SERIES STATEMENT/ADDED ENTRY--TITLE
Title Key environments
500 ## - GENERAL NOTE
General note "Published in collaboration with the International Union for Conservation of Nature and Natural Resources."
504 ## - BIBLIOGRAPHY, ETC. NOTE
Bibliography, etc Includes bibliographies and index.
650 #0 - SUBJECT ADDED ENTRY--TOPICAL TERM
Topical term or geographic name as entry element Natural history
Geographic subdivision Amazon River Region.
General subdivision Natural History (General) Biology (General)
Topical term or geographic name as entry element Nature
General subdivision Effect of human beings on
Geographic subdivision Amazon River Region.
651 #0 - SUBJECT ADDED ENTRY--GEOGRAPHIC NAME
Geographic name Amazon River Region.
700 1# - ADDED ENTRY--PERSONAL NAME
Personal name Prance, Ghillean T.,
Dates associated with a name 1937-
Personal name Lovejoy, Thomas E.
710 2# - ADDED ENTRY--CORPORATE NAME
Corporate name or jurisdiction name as entry element International Union for Conservation of Nature and Natural Resources.
906 ## - LOCAL DATA ELEMENT F, LDF (RLIN)
a 7
b cbc
c orignew
d 1
e ocip
f 19
g y-gencatlg
942 ## - ADDED ENTRY ELEMENTS (KOHA)
Source of classification or shelving scheme Library of Congress Classification
Item type SES Book
Holdings
Withdrawn status Lost status Source of classification or shelving scheme Damaged status Not for loan Home library Current library Shelving location Date acquired Total Checkouts Full call number Barcode Date last seen Copy number Price effective from Koha item type
    Library of Congress Classification     UOE Main Library UOE Main Library Open shelf 21/07/2017   QH112 .A43 1985 10036465 27/04/2026 10036465 21/07/2017 SES Book